000
00271nam a22001217a 4500
008
181218b xxu||||| |||| 00| 0 eng d
041
_a
eng
080
_a
781
100
_a
45
101
_a
MUZ
245
_a
Introduction Contemporary Music
_c
Joseph.M
942
_2
udc
_c
BK
999
_c
53437
_d
53437